| 000 | 00972cam a2200193 a 4500 | ||
|---|---|---|---|
| 020 | _a0872627578 | ||
| 082 | 0 | 0 |
_a388.0285416 _bMIC |
| 245 | 1 | 0 |
_aMicrocomputer applications in transportation III : _bproceedings of the International Conference on Microcomputers in Transportation / _csponsored by the Urban Transportation Division of the American Society of Civil Engineers, San Francisco, California, June 21-23, 1989 ; Kenneth S. Opiela, editor ; Robert E. Stammer, associate editor. |
| 260 |
_aNew York, N.Y. : _bAmerican Society of Civil Engineers, _cc1990. |
||
| 300 |
_a2 v. (ix, 1290 p.) : _bill. ; _c22 cm. |
||
| 526 |
_a0 _b0 _c0 _d388_028541600000000_MIC |
||
| 650 | 0 |
_aMCE _9379 |
|
| 650 | 0 |
_aMicrocomputers _xCongresses. _946701 |
|
| 650 | 0 |
_aTransportation engineering _xData processing _xCongresses. _946702 |
|
| 700 | 1 |
_aOpiela, Kenneth S., _946703 |
|
| 700 | 1 |
_aStammer, Robert. _944297 |
|
| 710 | 2 |
_aAmerican Society of Civil Engineers. _9702 |
|
| 942 |
_2ddc _cBK |
||
| 999 |
_c550002 _d550002 |
||